[Event "Biel HTO 53rd"]
[Site "Biel"]
[Date "2020.07.28"]
[Round "8"]
[White "Rohrer, Christophe"]
[Black "Thomas, Jeremy"]
[Result "1-0"]
[WhiteElo "2235"]
[BlackElo "1914"]
[PlyCount "69"]
[EventDate "2020.07.20"]
[EventType "swiss"]
[EventRounds "9"]
[EventCountry "SUI"]
[SourceTitle "CBM 197"]
[Source "ChessBase"]
[SourceDate "2020.07.27"]
[SourceVersion "1"]
[SourceVersionDate "2020.07.27"]
[SourceQuality "1"]

1. e4 c5 2. Nf3 d6 3. d4 cxd4 4. Nxd4 Nf6 5. Nc3 a6 6. Bg5 e6 7. f4 h6 8. Bh4 Qb6 9. a3 Be7 10. Bf2 Qc7 11. Bd3 Nbd7 12. Qe2 b6 13. 0-0-0 Bb7 14. Rhe1 Nc5 15. Kb1 0-0-0 16. Rc1 Kb8 17. b4 Ncd7 18. Na4 a5 19. c4 axb4 20. axb4 g5 21. Qa2 Ng4 22. Bg1 Ba8 23. h3 Ngf6 24. Rc3 d5 25. Nb5 Qb7 26. fxg5 Nxe4 27. Bxe4 dxe4 28. c5 Qd5 29. Qxd5 exd5 30. c6 Nc5 31. c7+ Kb7 32. cxd8Q Rxd8 33. bxc5 bxc5 34. Nxc5+ Kb6 35. Ne6+ 1-0

[Event "GER-ch NSV Online 1st"]
[Site "Playchess.com INT"]
[Date "2020.04.26"]
[Round "11"]
[White "Thomas, Jeremy"]
[Black "Reichert, Matthias"]
[Result "1-0"]
[WhiteElo "1620"]
[BlackElo "1950"]
[PlyCount "55"]
[EventDate "2020.04.26"]
[EventType "swiss (blitz)"]
[EventRounds "13"]
[EventCountry "GER"]
[SourceTitle "CBM 196 Extra"]
[Source "ChessBase"]
[SourceDate "2020.07.31"]
[SourceVersion "1"]
[SourceVersionDate "2020.07.31"]
[SourceQuality "1"]

1. e4 c5 2. Nf3 Nf6 3. e5 Nd5 4. c4 Nc7 5. Nc3 d5 6. exd6 Qxd6 7. d4 Bg4 8. Be3 cxd4 9. Bxd4 Bxf3 10. Qxf3 Qxd4 11. Qxb7 Qe5+ 12. Be2 Nba6 13. Qc6+ Kd8 14. Rd1+ Kc8 15. 0-0 Qe6 16. Qa4 Nc5 17. Qb4 N7a6 18. Qa5 Qb6 19. Qa3 e6 20. Nb5 Be7 21. Qg3 g6 22. Bf3 Rb8 23. Nd6+ Bxd6 24. Rxd6 Qa5 25. Rc6+ Nc7 26. a3 Rd8 27. b4 Qxa3 28. Qxc7# 1-0

[Event "GER-ch NSV Online 1st"]
[Site "Playchess.com INT"]
[Date "2020.04.26"]
[Round "4"]
[White "Thomas, Jeremy"]
[Black "Wilmink, Anna"]
[Result "1-0"]
[WhiteElo "1620"]
[BlackElo "1608"]
[PlyCount "109"]
[EventDate "2020.04.26"]
[EventType "swiss (blitz)"]
[EventRounds "13"]
[EventCountry "GER"]
[SourceTitle "CBM 196 Extra"]
[Source "ChessBase"]
[SourceDate "2020.07.31"]
[SourceVersion "1"]
[SourceVersionDate "2020.07.31"]
[SourceQuality "1"]

1. e4 c5 2. Nf3 Nc6 3. d4 cxd4 4. Nxd4 g6 5. Nc3 Bg7 6. Be3 Nf6 7. Bc4 0-0 8. f3 e6 9. Bb3 d5 10. exd5 Nxd5 11. Nxd5 exd5 12. 0-0 Re8 13. Bf2 a6 14. a3 Qd6 15. c3 Be5 16. g3 Bd7 17. Kg2 Bg7 18. Nxc6 bxc6 19. Bd4 Bf5 20. Bxg7 Kxg7 21. Bc2 Qd7 22. Bxf5 Qxf5 23. Qd2 Re7 24. Rfe1 Rae8 25. Rxe7 Rxe7 26. Re1 Rxe1 27. Qxe1 Qc2+ 28. Qf2 Qxf2+ 29. Kxf2 Kf6 30. Ke3 Ke5 31. Kd3 g5 32. Ke3 f5 33. f4+ gxf4+ 34. gxf4+ Kd6 35. Kd3 Ke6 36. Kd4 Kd6 37. Kd3 Kc5 38. a4 a5 39. b3 Kd6 40. b4 axb4 41. cxb4 c5 42. bxc5+ Kxc5 43. a5 Kb5 44. Kd4 Kxa5 45. Kxd5 Kb5 46. Ke5 Kc5 47. Kxf5 Kd5 48. Kf6 Ke4 49. f5 Kf4 50. Ke6 Kg5 51. f6 Kg4 52. f7 h5 53. f8Q Kh3 54. Qf3+ Kh4 55. Qg3# 1-0

[Event "Lueneburg distr-ch Meister"]
[Site "Muenster"]
[Date "2019.10.20"]
[Round "7"]
[White "Baldauf, Karsten"]
[Black "Thomas, Jeremy"]
[Result "0-1"]
[WhiteElo "1630"]
[BlackElo "1736"]
[PlyCount "94"]
[EventDate "2019.10.17"]
[EventType "swiss"]
[EventRounds "7"]
[EventCountry "GER"]
[SourceTitle "EXT 2023"]
[Source "ChessBase"]
[SourceDate "2022.10.05"]
[SourceVersion "1"]
[SourceVersionDate "2022.10.05"]
[SourceQuality "1"]

1. c4 c5 2. Nc3 Nc6 3. g3 g6 4. Bg2 Bg7 5. e4 d6 6. Nge2 e6 7. 0-0 Nge7 8. d3 a6 9. Rb1 Rb8 10. a3 b5 11. cxb5 axb5 12. b4 cxb4 13. axb4 0-0 14. h3 Qc7 15. d4 Nxd4 16. Nxd4 Qxc3 17. Bb2 Qc7 18. Qd3 Qb6 19. Kh2 e5 20. Ne2 Be6 21. f4 Bc4 22. Qd2 exf4 23. gxf4 Bxb2 24. Rxb2 Qc7 25. f5 f6 26. Kh1 g5 27. Rc1 Nc6 28. Nd4 Nxd4 29. Qxd4 Qb6 30. Qd1 Rbd8 31. h4 Qe3 32. hxg5 Qxg5 33. Bf3 Kh8 34. Rc3 d5 35. Rg2 Qh6+ 36. Rh2 Qf4 37. exd5 Qxf5 38. Rh5 Qg6 39. Re3 Rfe8 40. Rxe8+ Rxe8 41. d6 Rd8 42. Qd4 Rd7 43. Rh2 Qb1+ 44. Bd1 Qf5 45. Rh5 Qf1+ 46. Kh2 Rg7 47. Qd2 Qg1+ 0-1

[Event "Lueneburg distr-ch U14/16/18"]
[Site "Muenster"]
[Date "2019.10.16"]
[Round "7"]
[White "Schulze, Max Peter"]
[Black "Thomas, Jeremy"]
[Result "0-1"]
[WhiteElo "1101"]
[BlackElo "1781"]
[PlyCount "44"]
[EventDate "2019.10.14"]
[EventType "swiss"]
[EventRounds "7"]
[EventCountry "GER"]
[SourceTitle "EXT 2023"]
[Source "ChessBase"]
[SourceDate "2022.10.05"]
[SourceVersion "1"]
[SourceVersionDate "2022.10.05"]
[SourceQuality "1"]

1. e4 d6 2. Nf3 c5 3. d4 cxd4 4. Nxd4 Nf6 5. Nc3 a6 6. Be3 e5 7. Nf3 Be7 8. Bc4 b5 9. Bb3 Bb7 10. Qd3 Nbd7 11. 0-0-0 0-0 12. g3 Rc8 13. Rdg1 Rxc3 14. bxc3 Nxe4 15. h4 Qa5 16. Kb2 Rc8 17. Rh3 Nxc3 18. Bd2 b4 19. g4 e4 20. Qd4 Bf6 21. Qe3 Qa3+ 22. Ka1 Nd1+ 0-1

[Event "Lueneburg distr-ch U14/16/18"]
[Site "Muenster"]
[Date "2019.10.15"]
[Round "4"]
[White "Thomas, Jeremy"]
[Black "Thomas, Vincent1111"]
[Result "1/2-1/2"]
[WhiteElo "1781"]
[BlackElo "1539"]
[PlyCount "33"]
[EventDate "2019.10.14"]
[EventType "swiss"]
[EventRounds "7"]
[EventCountry "GER"]
[SourceTitle "EXT 2023"]
[Source "ChessBase"]
[SourceDate "2022.10.05"]
[SourceVersion "1"]
[SourceVersionDate "2022.10.05"]
[SourceQuality "1"]

1. e4 e6 2. d4 d5 3. exd5 exd5 4. Nf3 Nf6 5. Bd3 Bd6 6. 0-0 0-0 7. Bg5 Bg4 8. Re1 Nbd7 9. Nbd2 Re8 10. Rxe8+ Qxe8 11. c3 c6 12. Qc2 Qf8 13. Bf5 Bxf5 14. Qxf5 Re8 15. Re1 g6 16. Qb1 Kg7 17. g3 1/2-1/2

[Event "Lueneburg distr-ch U14/16/18"]
[Site "Muenster"]
[Date "2019.10.14"]
[Round "1"]
[White "Baum, Ferdinand"]
[Black "Thomas, Jeremy"]
[Result "0-1"]
[WhiteElo "1158"]
[BlackElo "1781"]
[PlyCount "62"]
[EventDate "2019.10.14"]
[EventType "swiss"]
[EventRounds "7"]
[EventCountry "GER"]
[SourceTitle "EXT 2023"]
[Source "ChessBase"]
[SourceDate "2022.10.05"]
[SourceVersion "1"]
[SourceVersionDate "2022.10.05"]
[SourceQuality "1"]

1. e4 c5 2. Nc3 d6 3. f4 g6 4. Nf3 Bg7 5. Be2 Nc6 6. 0-0 e6 7. d3 Nf6 8. Qe1 a6 9. Bd2 b5 10. a3 Qb6 11. Nd1 Bb7 12. Ne3 Nd4 13. Nxd4 cxd4 14. Nd1 Rc8 15. Ba5 Qa7 16. Qd2 Nxe4 17. dxe4 d3+ 18. Kh1 dxe2 19. Qxe2 Qc5 20. Bc3 0-0 21. Bxg7 Kxg7 22. Nc3 Qc4 23. Qxc4 Rxc4 24. Rfe1 Kf6 25. Re3 Rfc8 26. Rd1 Ke7 27. Rd2 a5 28. Nxb5 Rxc2 29. Rxc2 Rxc2 30. Rc3 Rxb2 31. Rc7+ Kd8 0-1

[Event "Harburg-chA 14th"]
[Site "Hamburg"]
[Date "2019.07.28"]
[Round "5.3"]
[White "Reddmann, Hauke"]
[Black "Thomas, Jeremy"]
[Result "1-0"]
[WhiteElo "2254"]
[BlackElo "1717"]
[PlyCount "59"]
[EventDate "2019.07.26"]
[EventType "tourn"]
[EventRounds "5"]
[EventCountry "GER"]
[SourceTitle "EXT 2020"]
[Source "ChessBase"]
[SourceDate "2019.10.17"]
[SourceVersion "1"]
[SourceVersionDate "2019.10.17"]
[SourceQuality "1"]

1. d4 Nf6 2. c4 g6 3. g3 Bg7 4. Bg2 d6 5. Nc3 0-0 6. Nf3 Re8 7. 0-0 c5 8. h3 Na6 9. Be3 cxd4 10. Nxd4 Nc5 11. Rc1 Ne6 12. Nb3 Nd7 13. Qd2 Ndc5 14. Rfd1 Nxb3 15. axb3 Bd7 16. Ra1 Bc6 17. Nd5 Nc5 18. Ra3 e6 19. b4 Nd7 20. b5 Bxd5 21. cxd5 e5 22. Rda1 b6 23. Rxa7 Rxa7 24. Rxa7 Nc5 25. Qc3 e4 26. Qa3 f5 27. b4 Nd7 28. Qa6 g5 29. Qb7 Re7 30. Bxg5 1-0

[Event "Harburg-chA 14th"]
[Site "Hamburg"]
[Date "2019.07.27"]
[Round "2.3"]
[White "Thomas, Jeremy"]
[Black "Lehmkuhl, Stefan"]
[Result "1/2-1/2"]
[WhiteElo "1717"]
[BlackElo "1871"]
[PlyCount "57"]
[EventDate "2019.07.26"]
[EventType "tourn"]
[EventRounds "5"]
[EventCountry "GER"]
[SourceTitle "EXT 2020"]
[Source "ChessBase"]
[SourceDate "2019.10.17"]
[SourceVersion "1"]
[SourceVersionDate "2019.10.17"]
[SourceQuality "1"]

1. e4 d5 2. exd5 Nf6 3. d4 Qxd5 4. Nc3 Qa5 5. Bd2 c6 6. Nf3 Bf5 7. Ne4 Qc7 8. Nxf6+ exf6 9. Bc4 Bd6 10. Qe2+ Qe7 11. Qxe7+ Kxe7 12. 0-0-0 Re8 13. Rde1+ Kf8 14. Rxe8+ Kxe8 15. Re1+ Kf8 16. h3 b5 17. Bb3 Na6 18. Nh4 Bd7 19. g4 Re8 20. Rxe8+ Kxe8 21. Ng2 Nc7 22. Bf4 Bxf4+ 23. Nxf4 Be6 24. Nxe6 fxe6 25. Kd2 Ke7 26. Ke3 a5 27. a4 Kd6 28. axb5 cxb5 29. Kd3 1/2-1/2

[Event "Vellmar op 11th"]
[Site "Vellmar"]
[Date "2019.07.07"]
[Round "6"]
[White "Kotliarevski, Dennis"]
[Black "Thomas, Jeremy"]
[Result "0-1"]
[WhiteElo "1624"]
[BlackElo "1717"]
[PlyCount "100"]
[EventDate "2019.07.04"]
[EventType "swiss"]
[EventRounds "7"]
[EventCountry "GER"]
[SourceTitle "CBM 191 Extra"]
[Source "ChessBase"]
[SourceDate "2019.09.30"]
[SourceVersion "1"]
[SourceVersionDate "2019.09.30"]
[SourceQuality "1"]

1. e4 c5 2. Nc3 d6 3. f4 g6 4. Bc4 e6 5. Nf3 Bg7 6. 0-0 Nf6 7. Qe1 Nc6 8. a3 0-0 9. d3 Nd4 10. Nxd4 cxd4 11. Nd1 d5 12. Ba2 a5 13. c3 dxe4 14. dxe4 dxc3 15. Nxc3 b5 16. e5 Ng4 17. h3 Nh6 18. Be3 b4 19. axb4 axb4 20. Ne4 Rxa2 21. Rxa2 Qd5 22. Bc5 Qxa2 23. Qxb4 Rd8 24. Qb6 Qd5 25. Nc3 Qd7 26. Rd1 Qxd1+ 27. Nxd1 Rxd1+ 28. Kf2 Bf8 29. Bd6 Nf5 30. Qd8 Nxd6 31. exd6 Ba6 32. Qa8 Rxd6 33. Kg3 Bc4 34. Kg4 Rd2 35. Kg5 Rxb2 36. Kf6 Bd5 37. Qe8 Rb7 38. g3 Re7 39. Qd8 Bc6 40. h4 Re8 41. Qc7 Bg7+ 42. Kg5 Bf3 43. f5 exf5 44. Qd7 Rf8 45. Qe7 h6+ 46. Kf4 Bg4 47. Qa7 Re8 48. Qa8 Rxa8 49. h5 Re8 50. hxg6 Re4# 0-1

[Event "Vellmar op 11th"]
[Site "Vellmar"]
[Date "2019.07.06"]
[Round "5"]
[White "Thomas, Jeremy"]
[Black "Fuss, Jean Pierre"]
[Result "0-1"]
[WhiteElo "1717"]
[BlackElo "1957"]
[PlyCount "128"]
[EventDate "2019.07.04"]
[EventType "swiss"]
[EventRounds "7"]
[EventCountry "GER"]
[SourceTitle "CBM 191 Extra"]
[Source "ChessBase"]
[SourceDate "2019.09.30"]
[SourceVersion "1"]
[SourceVersionDate "2019.09.30"]
[SourceQuality "1"]

1. e4 c5 2. Nf3 Nc6 3. d4 cxd4 4. Nxd4 Nf6 5. Nc3 e5 6. Ndb5 d6 7. Bg5 a6 8. Na3 b5 9. Nd5 Be7 10. Bxf6 gxf6 11. c3 f5 12. Bd3 f4 13. g3 Rg8 14. Qh5 Bg4 15. Qxh7 Rg6 16. Qh8+ Bf8 17. Qh4 Qxh4 18. gxh4 Bf3 19. h5 Rh6 20. Rg1 Ra7 21. Rg8 f5 22. Rg6 Ne7 23. Nxe7 Rxe7 24. exf5 Rxh5 25. Be2 e4 26. Bxf3 exf3+ 27. Kf1 Rxh2 28. Kg1 Reh7 29. Kf1 d5 30. Nc2 Bc5 31. Nd4 Rh1+ 32. Rg1 Rxg1+ 33. Kxg1 Bxd4 34. cxd4 Rg7+ 35. Kf1 Re7 36. a4 b4 37. a5 Re4 38. Rd1 Kf7 39. Rd3 Kf6 40. Rxf3 Rxd4 41. Ke2 Kxf5 42. Rh3 Rc4 43. Rh6 Rc2+ 44. Kd3 Rxb2 45. Rxa6 Rxf2 46. Rb6 Ra2 47. a6 Ra3+ 48. Kd4 b3 49. Kxd5 f3 50. Rb8 Rxa6 51. Rxb3 Kf4 52. Rb4+ Kg3 53. Rb8 Ra4 54. Rg8+ Kf2 55. Kc5 Ke2 56. Re8+ Kf1 57. Kd5 f2 58. Rg8 Ra2 59. Kd4 Re2 60. Kd3 Ke1 61. Ra8 Rd2+ 62. Ke3 f1Q 63. Ra1+ Rd1 64. Ra2 Rd3+ 0-1

[Event "Vellmar op 11th"]
[Site "Vellmar"]
[Date "2019.07.05"]
[Round "2"]
[White "Maar, Samuel"]
[Black "Thomas, Jeremy"]
[Result "1-0"]
[WhiteElo "1998"]
[BlackElo "1717"]
[PlyCount "63"]
[EventDate "2019.07.04"]
[EventType "swiss"]
[EventRounds "7"]
[EventCountry "GER"]
[SourceTitle "CBM 191 Extra"]
[Source "ChessBase"]
[SourceDate "2019.09.30"]
[SourceVersion "1"]
[SourceVersionDate "2019.09.30"]
[SourceQuality "1"]

1. e4 c5 2. Nf3 d6 3. d4 cxd4 4. Nxd4 Nf6 5. Nc3 a6 6. Be2 e5 7. Nf3 Be7 8. 0-0 0-0 9. Bg5 Be6 10. Qd2 Nbd7 11. h3 Rc8 12. Rad1 Qb6 13. Qc1 Qc7 14. Ne1 Rfd8 15. Nd3 Nc5 16. Bxf6 Bxf6 17. Nb4 Nd7 18. Ncd5 Bxd5 19. Nxd5 Qxc2 20. Qe3 Qxb2 21. Bg4 Rb8 22. Qa7 Ra8 23. Qe3 Rab8 24. Qg3 Kh8 25. Bxd7 Rxd7 26. Nxf6 gxf6 27. Qh4 Qxa2 28. Qxf6+ Kg8 29. Rd3 Rbd8 30. Qh6 f5 31. Rg3+ Kf7 32. Qxh7+ 1-0

[Event "Niedersachsen-ch op B"]
[Site "Verden"]
[Date "2019.01.05"]
[Round "6"]
[White "Thomas, Jeremy"]
[Black "Alhamid, Mohamad"]
[Result "1/2-1/2"]
[WhiteElo "1613"]
[BlackElo "1463"]
[PlyCount "158"]
[EventDate "2019.01.03"]
[EventType "swiss"]
[EventRounds "7"]
[EventCountry "GER"]
[SourceTitle "EXT 2022"]
[Source "ChessBase"]
[SourceDate "2021.10.06"]
[SourceVersion "1"]
[SourceVersionDate "2021.10.06"]
[SourceQuality "1"]

1. e4 e5 2. Nf3 Nc6 3. Bc4 Nf6 4. d3 Bc5 5. 0-0 d6 6. c3 a6 7. Nbd2 0-0 8. h3 Ne7 9. Re1 Ng6 10. Nf1 h6 11. Ng3 c6 12. Be3 Bxe3 13. fxe3 d5 14. exd5 cxd5 15. Bb3 Be6 16. d4 Qd6 17. dxe5 Nxe5 18. Nxe5 Qxe5 19. Nf1 Qg5 20. Qf3 Ne4 21. Rad1 Rad8 22. Rd4 Qg6 23. Bc2 Bf5 24. Ng3 Nxg3 25. Bxf5 Nxf5 26. Rg4 Qh5 27. Rf1 Rfe8 28. Qxf5 Qxf5 29. Rxf5 Rxe3 30. Rf2 Rde8 31. Rd4 Re1+ 32. Kh2 R8e2 33. Rd2 Rxf2 34. Rxf2 f6 35. Rd2 Re5 36. Kg3 Kf7 37. Kf3 g5 38. c4 dxc4 39. Rd7+ Re7 40. Rd4 b5 41. Rd6 Re6 42. Rd7+ Kg6 43. g4 h5 44. a3 hxg4+ 45. hxg4 f5 46. gxf5+ Kxf5 47. Rd5+ Kg6 48. Rd8 Rf6+ 49. Kg3 Re6 50. Kf3 Kf5 51. Rf8+ Rf6 52. Re8 g4+ 53. Kg3 Kg5 54. Rg8+ Rg6 55. Rd8 Re6 56. Rg8+ Kf5 57. Rf8+ Ke4 58. Rd8 Kf5 59. Rf8+ Rf6 60. Re8 Rg6 61. Re1 Re6 62. Rf1+ Kg5 63. Rf2 Re3+ 64. Kg2 g3 65. Rc2 Kf4 66. a4 Rf3 67. axb5 axb5 68. Rd2 Rf2+ 69. Rxf2+ gxf2 70. Kxf2 Ke4 71. Ke2 Kd4 72. Kd2 b4 73. Kc2 c3 74. bxc3+ bxc3 75. Kc1 Kc4 76. Kc2 Kb4 77. Kc1 Kc4 78. Kc2 Kd4 79. Kc1 Kd3 1/2-1/2

[Event "Niedersachsen-ch op B"]
[Site "Verden"]
[Date "2019.01.03"]
[Round "2"]
[White "Thomas, Jeremy"]
[Black "Von Knobloch, Tizian"]
[Result "1-0"]
[WhiteElo "1613"]
[BlackElo "1418"]
[PlyCount "133"]
[EventDate "2019.01.03"]
[EventType "swiss"]
[EventRounds "7"]
[EventCountry "GER"]
[SourceTitle "EXT 2022"]
[Source "ChessBase"]
[SourceDate "2021.10.06"]
[SourceVersion "1"]
[SourceVersionDate "2021.10.06"]
[SourceQuality "1"]

1. e4 e5 2. Nf3 d6 3. Bc4 Nf6 4. d3 Bg4 5. h3 Bh5 6. 0-0 Be7 7. Be3 0-0 8. Nbd2 d5 9. exd5 Nxd5 10. Re1 f6 11. Nf1 Bf7 12. Bb3 Bb4 13. Bd2 Nc6 14. Bxb4 Ncxb4 15. Qd2 c5 16. a3 Nc6 17. Ne3 Nxe3 18. Bxf7+ Rxf7 19. Qxe3 Nd4 20. Rac1 Rc8 21. Nd2 b6 22. a4 Qd7 23. b3 Nc6 24. Nc4 Rd8 25. f4 Re7 26. fxe5 Nxe5 27. Nxe5 Rxe5 28. Qf4 Rde8 29. Rxe5 Rxe5 30. Qf3 Qd4+ 31. Kh1 Kf7 32. Rf1 Qe3 33. Qb7+ Re7 34. Qd5+ Qe6 35. Qxe6+ Rxe6 36. Rf2 g5 37. Kh2 Ke7 38. Kg3 Kd6 39. Kg4 Ke5 40. c3 Kd6 41. Kh5 Ke7 42. Kh6 Kf7 43. Kxh7 Re3 44. Rd2 Rg3 45. Kh6 a6 46. c4 a5 47. Kh5 Kg7 48. h4 Kf7 49. hxg5 fxg5 50. Kh6 Kf6 51. d4 cxd4 52. Rxd4 Ke5 53. Rd5+ Ke6 54. Rb5 Kd6 55. Rxb6+ Kc5 56. Rb5+ Kc6 57. Rxg5 Rxb3 58. Rxa5 Rc3 59. g4 Rxc4 60. g5 Kd6 61. g6 Ke6 62. Ra6+ Ke7 63. a5 Ra4 64. Kg5 Kf8 65. Ra7 Kg8 66. a6 Ra5+ 67. Kf6 1-0

[Event "Harburg-chD 13th"]
[Site "Hamburg"]
[Date "2018.08.05"]
[Round "5"]
[White "Thomas, Jeremy"]
[Black "Baldauf, Karsten"]
[Result "1/2-1/2"]
[WhiteElo "1485"]
[BlackElo "1635"]
[PlyCount "57"]
[EventDate "2018.08.03"]
[EventType "tourn"]
[EventRounds "5"]
[EventCountry "GER"]
[SourceTitle "EXT 2019"]
[Source "ChessBase"]
[SourceDate "2018.10.10"]
[SourceVersion "1"]
[SourceVersionDate "2018.10.10"]
[SourceQuality "1"]

1. e4 c5 2. Nc3 e6 3. Nf3 a6 4. d4 cxd4 5. Nxd4 Bc5 6. Nf3 Ne7 7. g3 Qb6 8. Qe2 Nbc6 9. Bg2 Nd4 10. Nxd4 Bxd4 11. 0-0 0-0 12. Qd3 Nc6 13. Ne2 Bc5 14. c3 Qc7 15. b3 b5 16. Bb2 Bb7 17. Rad1 Rad8 18. Rd2 Ne5 19. Qc2 d5 20. exd5 Bxd5 21. Bxd5 exd5 22. Kg2 Rfe8 23. Nd4 Ng4 24. h3 Nf6 25. Re2 Rxe2 26. Qxe2 Re8 27. Qf3 Bxd4 28. cxd4 Qc2 29. Qc3 1/2-1/2

[Event "Harburg-chD 13th"]
[Site "Hamburg"]
[Date "2018.08.03"]
[Round "1"]
[White "Raedisch, Peter"]
[Black "Thomas, Jeremy"]
[Result "0-1"]
[WhiteElo "1606"]
[BlackElo "1485"]
[PlyCount "139"]
[EventDate "2018.08.03"]
[EventType "tourn"]
[EventRounds "5"]
[EventCountry "GER"]
[SourceTitle "EXT 2019"]
[Source "ChessBase"]
[SourceDate "2018.10.10"]
[SourceVersion "1"]
[SourceVersionDate "2018.10.10"]
[SourceQuality "1"]

1. e4 c6 2. d4 d5 3. Nc3 dxe4 4. Nxe4 Bf5 5. Ng3 Bg6 6. Bc4 Nf6 7. Nf3 Nbd7 8. c3 e6 9. 0-0 Bd6 10. Qe1 Nd5 11. Ne5 Bxe5 12. dxe5 N5b6 13. Bb3 Bd3 14. Ne4 Nxe5 15. Nc5 Nbc4 16. Nxd3 Nxd3 17. Qe2 Nxc1 18. Raxc1 Nb6 19. f4 0-0 20. f5 exf5 21. Rxf5 Nd5 22. Qf2 Nf6 23. Rf1 Qb6 24. Qxb6 axb6 25. g4 Rad8 26. g5 Nd5 27. R1f3 g6 28. Re5 Rfe8 29. Rxe8+ Rxe8 30. Rf2 b5 31. h3 Re5 32. h4 Re4 33. Bxd5 cxd5 34. Rd2 Re5 35. Kg2 Kf8 36. Kg3 Ke7 37. a3 Ke6 38. Rd3 Re2 39. b3 Rb2 40. c4 dxc4 41. bxc4 bxc4 42. Re3+ Kd7 43. Kf4 Rb3 44. Re4 b5 45. a4 bxa4 46. Rxc4 Ra3 47. Rb4 Ke7 48. Rb7+ Kf8 49. Ra7 Ra1 50. Kg3 a3 51. Kg2 Kg7 52. Kh2 a2 53. Kg2 h6 54. Kh2 hxg5 55. hxg5 Kf8 56. Kg2 Ke8 57. Kh2 Kd8 58. Kg2 Kc8 59. Kh2 Kb8 60. Ra3 Kc7 61. Kg2 Kd6 62. Ra5 Kc6 63. Kh2 Kb6 64. Ra3 Kc5 65. Kg2 Kb4 66. Ra8 Kc4 67. Kh2 Kd5 68. Ra3 Ke4 69. Kg2 Kf4 70. Kh2 0-1

[Event "Lueneburg distr-ch U16/18"]
[Site "Muenster"]
[Date "2016.10.10"]
[Round "1.5"]
[White "Bargsten, Justus"]
[Black "Thomas, Jeremy"]
[Result "1-0"]
[WhiteElo "1785"]
[BlackElo "1067"]
[PlyCount "65"]
[EventDate "2016.10.10"]
[EventType "swiss"]
[EventRounds "7"]
[EventCountry "GER"]
[SourceTitle "EXT 2019"]
[Source "ChessBase"]
[SourceDate "2018.10.10"]
[SourceVersion "1"]
[SourceVersionDate "2018.10.10"]
[SourceQuality "1"]

1. e4 c5 2. Nc3 Nc6 3. f4 d6 4. Nf3 Nf6 5. Bc4 e6 6. 0-0 Be7 7. e5 dxe5 8. Nxe5 Qd4+ 9. Kh1 Nxe5 10. fxe5 Qxe5 11. d3 Qc7 12. Nb5 Qc6 13. Bf4 0-0 14. Nc7 Rb8 15. Ne8 Ra8 16. Nc7 Rb8 17. Nxe6 Bxe6 18. Bxe6 Rbd8 19. Bb3 Bd6 20. Bg5 Be5 21. c3 b5 22. Qe1 Rfe8 23. Qh4 Rd6 24. a4 b4 25. Bc4 a6 26. cxb4 cxb4 27. Ra2 Rb8 28. b3 Rd4 29. Qe1 Rg4 30. Qxe5 Re8 31. Qf5 Rxg2 32. Rxg2 Re2 33. Qf3 1-0